000 00455nam a22001817a 4500
003 NUST - PNEC
005 20170116180825.0
008 150702b xxu||||| |||| 00| 0 eng d
020 _a-
040 _cLIBRARY
082 _a515.33 FRA
100 _94332
_aFranklin philp
245 _aDifferential and aintegral
_cPhilip franklin
260 _aLondon
_bMcgraw Hill book
_cc1953.
300 _a641 p. :
650 _94333
_aMath
_xME
942 _2ddc
_cBK
999 _c63864
_d63864